Central Library OPAC University of Rajshahi

Empirical research in accounting ; (Record no. 15359)

MARC details
000 -LEADER
fixed length control field 00943cam a2200289 i 4500
001 - CONTROL NUMBER
control field 15359
003 - CONTROL NUMBER IDENTIFIER
rucl marc code BD-RjUL
005 - DATE AND TIME OF LATEST TRANSACTION
control field 20211208235812.0
008 - FIXED-LENGTH DATA ELEMENTS--GENERAL INFORMATION
fixed length control field 140210s1979 flua b 00010 eng
035 ## - SYSTEM CONTROL NUMBER
System control number (BD-RjUL)15413
040 ## - CATALOGING SOURCE
Original cataloging agency DLC
Transcribing agency DLC
Modifying agency m.c.
-- BD-RjUL
Language of cataloging eng
041 ## - LANGUAGE CODE
Language code of text/sound track or separate title eng
082 ## - DEWEY DECIMAL CLASSIFICATION NUMBER
Classification number 657
Author mark and year ABE 1979
100 10 - MAIN ENTRY--PERSONAL NAME
Personal name Abdel-Khalik, A. Rashad.
9 (RLIN) 47720
245 10 - TITLE STATEMENT
Title Empirical research in accounting ;
Remainder of title a methodological viewpoint /
Statement of responsibility, etc. by A. Rashad Abdel-Khalik .
260 ## - PUBLICATION, DISTRIBUTION, ETC. (IMPRINT)
Place of publication, distribution, etc. Sarasota, Fla. :
Name of publisher, distributor, etc. American Accounting Association,
Date of publication, distribution, etc. c1979.
300 ## - PHYSICAL DESCRIPTION
Pagination x, 125 p. :
Illustrations ill. ;
Size 22 cm.
490 1# - SERIES STATEMENT
Series statement Accounting education series ; v. no. 4.
504 ## - BIBLIOGRAPHY, ETC. NOTE
Bibliography, etc Includes bibliographies.
650 #0 - SUBJECT ADDED ENTRY--TOPICAL TERM
Topical term or geographic name as entry element Accounting
General subdivision Research.
9 (RLIN) 47721
700 10 - ADDED ENTRY--PERSONAL NAME
Personal name Ajinkya, Bipin B.,
Relator term joint author.
830 #0 - SERIES ADDED ENTRY--UNIFORM TITLE
Volume number/sequential designation v. 4.
830 #0 - SERIES ADDED ENTRY--UNIFORM TITLE
Uniform title Accounting education series ;
942 ## - ADDED ENTRY ELEMENTS (KOHA)
Source of classification or shelving scheme Dewey Decimal Classification
Koha item type Books
Holdings
Lost status Source of classification or shelving scheme Damaged status Not for loan Collection code Permanent Location Current Location Shelving location Date acquired Source of acquisition Cost, normal purchase price Total Checkouts Full call number Date last seen Copy number Koha item type
  Dewey Decimal Classification     Non-fiction Central Library, University of Rajshahi Central Library, University of Rajshahi   19/07/1986 Tulip 6.35   657 ABE 1979 10/02/2014 C-2 Books